• 首页
  • 本馆介绍
  • 公告通知
  • 最新文献
  • 馆藏检索
  • 电子资源
  • 读者导购
  • 参考咨询
  • 我的图书馆
  • 登录
  • 详细信息显示
  • 放入我的书架
  • 预约/预借图书
  • 作者相关作品
  • 分类相关作品
  • 丛书相关作品
  • 出版社相关作品

书目信息

  • 表格格式
  • 工作单格式
  • 卡片格式
题名:
先秦政治思想史
    
 
作者: 梁启超 著
分册:  
出版信息: 北京   中国书籍出版社  2016
页数: 232页
开本: 23cm
丛书名: 中国近代文化思想学术文丛
单 册:
中图分类: D092.2
科图分类:
主题词: 政治思想史--中国--先秦时代
电子资源:
ISBN: 978-7-5068-5314-9
000 01187nam0 2200253 450
001 012001001532
005 20140921103355.0
010    @a978-7-5068-5314-9@b精装@dCNY30.00
100    @a20160331d2016 em y0chiy50 ea
101 0  @achi
102    @aCN@b110000
105    @ay z 000yy
106    @ar
200 1  @a先秦政治思想史@9xian qin zheng zhi si xiang shi@b专著@f梁启超著
210    @a北京@c中国书籍出版社@d2016
215    @a232页@d23cm
225 1  @a中国近代文化思想学术文丛@f赵安民主编
330    @a本书为梁启超在北京法政专门学校和东南大学讲课的讲义整理而成。全书共23章。《序论》部分讨论先秦政治思想所涉及的问题、资料及其研究方法;《前论》部分以逻辑的方法论述先秦时期主要的思想范畴,包括天道、民本思想,政治与伦理之结合,封建及其所生的结果,阶级制度的兴衰,法律的起源与概念,经济的推想等内容;《本论》部分则主要对儒、墨、道、法四家做详细论述及评价。这部著作述及内容广泛、史料引证庞杂、思想涵盖深远、运笔流畅自如,是研究先秦政治思想的重要学术著作。
461  0 @12001 @a中国近代文化思想学术文丛
606 0  @a政治思想史@y中国@z先秦时代
690    @aD092.2@v5
701  0 @a梁启超@9liang qi chao@4著
801  0 @aCN@b上海新华@c20180901
905    @b1156565-9@dD092.2@e184@f5
    
    先秦政治思想史/梁启超著.-北京:中国书籍出版社,2016
    232页;23cm.-(中国近代文化思想学术文丛/赵安民主编)
    
    
    ISBN 978-7-5068-5314-9(精装):CNY30.00
    本书为梁启超在北京法政专门学校和东南大学讲课的讲义整理而成。全书共23章。《序论》部分讨论先秦政治思想所涉及的问题、资料及其研究方法;《前论》部分以逻辑的方法论述先秦时期主要的思想范畴,包括天道、民本思想,政治与伦理之结合,封建及其所生的结果,阶级制度的兴衰,法律的起源与概念,经济的推想等内容;《本论》部分则主要对儒、墨、道、法四家做详细论述及评价。这部著作述及内容广泛、史料引证庞杂、思想涵盖深远、运笔流畅自如,是研究先秦政治思想的重要学术著作。
●
相关链接 在E读中查询图书 在五车中查询图书 在当当中查询图书 在豆瓣中查询图书


正题名:先秦政治思想史     索取号:D092.2/184         预约/预借

序号 登录号 条形码 馆藏地/架位号 状态 备注
1 1156565   211565652   第一样本阅览室/ [索取号:D092.2/184] 在馆    
2 1156566   211565661   第一借阅区/ [索取号:D092.2/184] 在馆    
3 1156567   211565670   第一借阅区/ [索取号:D092.2/184] 在馆    
4 1156568   211565689   第一借阅区/ [索取号:D092.2/184] 在馆    
5 1156569   211565698   史法系资料室/ [索取号:D092.2/184] 在馆    
唐山师范学院图书馆 欢迎您!
大连网信软件有限公司© 版权所有